Electric machinery and transformers (Record no. 440)

000 -LEADER
fixed length control field 00469nam a2200193 4500
001 - CONTROL NUMBER
control field 440
003 - CONTROL NUMBER IDENTIFIER
control field BD-DhUET
008 - FIXED-LENGTH DATA ELEMENTS--GENERAL INFORMATION
fixed length control field 140721b xxu||||| |||| 00| 0 eng d
020 ## - INTERNATIONAL STANDARD BOOK NUMBER
International Standard Book Number 81203007755
040 ## - CATALOGING SOURCE
Transcribing agency 0
Modifying agency BD-DhUET
082 ## - DEWEY DECIMAL CLASSIFICATION NUMBER
Classification number 623.1042
Item number KOS/1991
100 ## - MAIN ENTRY--PERSONAL NAME
Personal name Kosow, Irving L.
245 ## - TITLE STATEMENT
Title Electric machinery and transformers
250 ## - EDITION STATEMENT
Edition statement 2nd ed.
260 ## - PUBLICATION, DISTRIBUTION, ETC. (IMPRINT)
Place of publication, distribution, etc. New Delhi
Name of publisher, distributor, etc. Prentice-Hall
Date of publication, distribution, etc. 1991
300 ## - PHYSICAL DESCRIPTION
Extent xiv,626p.
650 #0 - SUBJECT ADDED ENTRY--TOPICAL TERM
Topical term or geographic name as entry element Electric machinery
942 ## - ADDED ENTRY ELEMENTS (KOHA)
Koha item type General Book
Holdings
Not for loan Koha date last seen Sublocation or collection (holding branch) Location (home branch) Koha normalized classification for sorting Shelving location Withdrawn status Koha date last borrowed Piece designation (barcode) Koha item type Copy number Koha issues (times borrowed) Koha full call number Date acquired Source of classification or shelving scheme Damaged status Lost status Price effective from
 2014-07-21Central Library, BUETCentral Library, BUET623_104200000000000_KOS_1991Circulation section  103680General Book1 623.1042/KOS/19912014-07-21   2014-07-21
 2016-12-07Central Library, BUETCentral Library, BUET623_104200000000000_KOS_1991Circulation section  103681General Book2 623.1042/KOS/19912014-07-21   2014-07-21
 2021-12-15Central Library, BUETCentral Library, BUET623_104200000000000_KOS_1991Circulation section 2021-12-05103682General Book31623.1042/KOS/19912014-07-21   2014-07-21
 2014-07-21Central Library, BUETCentral Library, BUET623_104200000000000_KOS_1991Circulation section  103683General Book4 623.1042/KOS/19912014-07-21   2014-07-21
 2014-07-21Central Library, BUETCentral Library, BUET623_000000000000000_1042KOS199Circulation section  103684General Book5 623.1042/KOS/19912014-07-21   2014-07-21
 2014-07-21Central Library, BUETCentral Library, BUET623_104200000000000_KOS_1991Circulation section  103685General Book6 623.1042/KOS/19912014-07-21   2014-07-21
 2014-07-21Central Library, BUETCentral Library, BUET623_104200000000000_KOS_1991Circulation section  103686General Book7 623.1042/KOS/19912014-07-21   2014-07-21
 2016-11-29Central Library, BUETCentral Library, BUET623_000000000000000_1042KOS199Circulation section  103688General Book8 623.1042/KOS/19912014-07-21   2014-07-21
 2017-03-11Central Library, BUETCentral Library, BUET623_104200000000000_KOS_1991Circulation section  103689General Book9 623.1042/KOS/19912014-07-21   2014-07-21